000 00826nam a2200253Ia 4500
003 OSt
005 20220923222547.0
006 a|||||r|||| 00| 0
007 ta
008 220922b |||||||| |||| 00| 0 hin d
024 _a205,982
037 _cTextual
040 _aARTS
_cARTS
_bhin
041 _2hin
_ahin
082 _aP:795, 152N1
100 _aपालीवाल, रीतारानी
245 0 _aअनुवाद की सामाजिक भूमिका
246 _aAnuvād kī sāmājik bhūmikā
260 _aनई दिल्ली
_b सचिन प्रका0
_c1991
300 _a252पृ.
_ccm.
650 _aहिन्दी भाषा
942 _hP:795, 152N1
_cTEXL
_2CC
999 _c356661
_d356661